000 00570cam a2200229 4500
001 J85696
008 090401t1997 xxu||||| |||| 00| 0 eng d
035 _a(Sirsi) u80117
041 _aeng
050 _a690.026
245 _aBuilding law reports. - Vol 82
260 _aHarlow, Essex
_bAddison Wesley Longman Ltd.
_c1997
300 _a148p. ; 24cm.
350 _a0
650 _aBUILDING LAW REPORTS
650 _aCONSTRUCTION INDUSTRY
650 _aLAW REPORTS
690 _aLAW
700 _aLloyd, Humphrey
_xEditor
942 _n0
948 _c06/08/1997
999 _c96594
_d96594